Cathay Pacific Destinations - Statistics

General Stats
  • This quiz has been taken 56 times
  • The average score is 51 of 60
Answer Stats
Country Answer % Correct
Australia Melbourne
100%
Australia Perth
100%
Australia Brisbane
98%
Australia Sydney
98%
New Zealand Auckland
95%
Thailand Bangkok
95%
UAE Dubai
95%
UK London
95%
Philippines Manila
95%
France Paris
95%
Japan Tokyo
95%
Canada Toronto
95%
Canada Vancouver
95%
Australia Adelaide
93%
Netherlands Amsterdam
93%
China Beijing
93%
Belgium Brussels
93%
India Delhi
93%
Ireland Dublin
93%
Hong Kong Hong Kong
93%
Indonesia Jakarta
93%
USA Los Angeles
93%
Spain Madrid
93%
Japan Osaka
93%
Italy Rome
93%
China Shanghai
93%
Taiwan Taipei
93%
Spain Barcelona
91%
Sri Lanka Colombo
91%
Denmark Copenhagen
91%
Germany Frankfurt
91%
UK Manchester
91%
India Mumbai
91%
Singapore Singapore
91%
Israel Tel Aviv
91%
Switzerland Zurich
91%
New Zealand Christchurch
88%
Maldives Male
88%
Italy MIlan
88%
USA San Francisco
88%
USA Boston
86%
Germany Dusseldorf
86%
South Korea Seoul
86%
Philippines Cebu
84%
USA Chicago
84%
Australia Cairns
81%
South Africa Johannesburg
81%
Vietnam Ho chi minh city
79%
Bahrain Manama
79%
Japan Nagoya
79%
India Chennai
77%
UK Birmingham
72%
Indonesia Denpasar
72%
India Hyderabad
67%
USA Newark
65%
Japan Sapporo
65%
USA New york city
60%
Indonesia Surabaya
58%
Indonesia Bandung
37%
Australia Townsville
23%
No matching quizzes found
Score Distribution
Percent of People with Each Score
Percentile by Number Answered
Your Score History
You have not taken this quiz